00868 2200181 4500001002100000005001500021035002000036245003400056100001200090250001700102300003400119260003100153082001000184084001600194020002200210650001800232520043600250INLIS00000000000099720250323072003 a0010-03250000931 aDaur Hidup Kanguru /cA. Faiz0 aA. Faiz acetakan ke-1 aii, 22 hlm :bilus ;c25,5 cm aSolo :bTiga Ananda,c2019 a599.2 a599.2 A. d a978-623-206-269-6 4aNonfiksi anak a“Seperti apa kanguru saat dilahirkan? Mengapa anak kanguru tinggal di dalam kantung induknya? Di mana kanguru tinggal? Buku ini dilengkapi fakta-fakta menakjubkan tentang kanguru dan daur hidupnya. Selain itu, ada penjelasan tentang joey yang berubah menjadi kanguru dewasa yang kuat, juga cara hidup mereka. Foto-foto di dalamnya akan memudahkan kamu memahami isi buku ini. Selamat bertualang menjelajahi daur hidup kanguru! ”